Escuela pública y educación como práctica de cooperación : | otra globalización es posible (Record no. 179861)

MARC details
000 -CABECERA
campo de control de longitud fija 00782nab a2200265 a 4500
005 - FECHA Y HORA DE LA ÚLTIMA TRANSACCIÓN
campo de control 20210219162622.0
008 - ELEMENTOS DE LONGITUD FIJA--INFORMACIÓN GENERAL
campo de control de longitud fija 991125s1985 mx 000 0 spa u
035 ## - NÚMERO DE CONTROL DEL SISTEMA
Número de control de sistema UPN01000207760
049 ## - COLECCIÓN
Colección ART
100 1# - ASIENTO PRINCIPAL--NOMBRE PERSONAL
Nombre de persona Figueiredo, José Wnilson
100 1# - ASIENTO PRINCIPAL--NOMBRE PERSONAL
Filiación wnilsonfi@yahoo.com.br
100 1# - ASIENTO PRINCIPAL--NOMBRE PERSONAL
Nombre de persona García Pérez, Francisco F
100 1# - ASIENTO PRINCIPAL--NOMBRE PERSONAL
Filiación ffgarcia@us.es
100 1# - ASIENTO PRINCIPAL--NOMBRE PERSONAL
Nombre de persona Frantz, Walter
100 1# - ASIENTO PRINCIPAL--NOMBRE PERSONAL
Filiación wfrantz@unijui.edu.br
222 #0 - TÍTULO CLAVE
Título clave INVESTIGACION EN LA ESCUELA
245 00 - MENCIÓN DE TÍTULO
Título Escuela pública y educación como práctica de cooperación :
-- otra globalización es posible
260 ## - PUBLICACIÓN, DISTRIBUCIÓN, ETC.
Lugar de publicación, distribución, etc. Sevilla, España
300 ## - DESCRIPCIÓN FÍSICA
Extensión 25-36
362 0# - FECHAS DE PUBLICACIÓN Y/O DESIGNACIÓN SECUENCIAL
Fecha de publicación y/o designación secuencial 2014 Número 83
653 0# - TERMINO DE INDIZACION - NO CONTROLADO
Término no controlado ESCUELA PUBLICA
653 0# - TERMINO DE INDIZACION - NO CONTROLADO
Término no controlado GLOBALIZACION
653 0# - TERMINO DE INDIZACION - NO CONTROLADO
Término no controlado COOPERACION EDUCATIVA
905 ## - TIPO DE MATERIAL
Tipo de material Articulo

No items available.